| 000 | 00853nam a22002897a 4500 | ||
|---|---|---|---|
| 003 | CHAP | ||
| 005 | 20220329141514.0 | ||
| 008 | 971013s1984 r 00010 d | ||
| 010 | _a69238 | ||
| 011 | _a70210 | ||
| 035 | _a79690 | ||
| 040 | _cCHAP | ||
| 082 |
_a338.1016 _bH6 |
||
| 100 | 0 | 0 |
_aHedlung, Stefan. _953301 |
| 245 | _aCrisis in soviet agriculture | ||
| 260 |
_aLondon : _bCroom Helm, _c1984 |
||
| 300 | _a228 p. | ||
| 500 | _a33-140 | ||
| 590 |
_aBATCH-UPD _b10 _c20130110 _lUCH01 _h1140 |
||
| 590 |
_aBATCH-UPD _b10 _c20130410 _lUCH01 _h0726 |
||
| 590 |
_aCONVERSION _b10 _c20130109 _lUCH01 _h1338 |
||
| 650 | 1 | 4 |
_aAgricultura _xAspectos economicos _xU.R.S.S. _91302 |
| 650 | 1 | 4 |
_aAgricultura _xU.R.S.S. _91892 |
| 901 | _aBK | ||
| 942 | _cLIBRO | ||
| 949 |
_a338.1016 H6 _bBC _cLIBRO _d33724000358479 _eLIBRO _gI. 146825 _h75838 _i79690 _si _t197.15 |
||
| 999 |
_c69238 _d69238 |
||